Mechanical metallurgy (Record no. 25704)

000 -LEADER
fixed length control field 00503nam a22001937a 4500
001 - CONTROL NUMBER
control field 25704
003 - CONTROL NUMBER IDENTIFIER
control field BD-DhUET
008 - FIXED-LENGTH DATA ELEMENTS--GENERAL INFORMATION
fixed length control field 150516b xxu||||| |||| 00| 0 eng d
040 ## - CATALOGING SOURCE
Transcribing agency 0
Modifying agency BD-DhUET
082 ## - DEWEY DECIMAL CLASSIFICATION NUMBER
Classification number 669.94
Item number DIE/1961
100 ## - MAIN ENTRY--PERSONAL NAME
Personal name Dieter, E. George
245 ## - TITLE STATEMENT
Title Mechanical metallurgy
250 ## - EDITION STATEMENT
Edition statement 1st ed.
260 ## - PUBLICATION, DISTRIBUTION, ETC. (IMPRINT)
Place of publication, distribution, etc. London
Name of publisher, distributor, etc. McGraw-Hill
Date of publication, distribution, etc. 1961
300 ## - PHYSICAL DESCRIPTION
Extent xix, 615p.
Other physical details ill
490 ## - SERIES STATEMENT
Series statement Metallurgy and metallurgical engineering series
650 #0 - SUBJECT ADDED ENTRY--TOPICAL TERM
Topical term or geographic name as entry element Strength of materials
942 ## - ADDED ENTRY ELEMENTS (KOHA)
Koha item type General Book
Holdings
Koha normalized classification for sorting Source of classification or shelving scheme Shelving location Date acquired Koha date last borrowed Damaged status Not for loan Koha date last seen Koha out on loan Location (home branch) Koha item type Koha full call number Price effective from Copy number Sublocation or collection (holding branch) Lost status Koha issues (times borrowed) Withdrawn status Piece designation (barcode)
669_940000000000000_DIE_1961 Circulation section2015-05-16   2015-05-16 Central Library, BUETGeneral Book669.94/DIE/19612015-05-161Central Library, BUET   7380
669_940000000000000_DIE_1961 Circulation section2015-05-16   2015-05-16 Central Library, BUETGeneral Book669.94/DIE/19612015-05-162Central Library, BUET   20408
669_940000000000000_DIE_1961 Circulation section2015-05-16   2015-05-16 Central Library, BUETGeneral Book669.94/DIE/19612015-05-163Central Library, BUET   11400
669_940000000000000_DIE_1961 Circulation section2015-05-16   2015-05-16 Central Library, BUETGeneral Book669.94/DIE/19612015-05-164Central Library, BUET   31952
669_940000000000000_DIE_1961 Circulation section2015-05-19   2015-05-19 Central Library, BUETGeneral Book669.94/DIE/19612015-05-195Central Library, BUET   31933
669_940000000000000_DIE_1961 Circulation section2015-05-202024-03-04  2024-05-26 Central Library, BUETGeneral Book669.94/DIE/19612015-05-206Central Library, BUET 2 54704
669_940000000000000_DIE_1961 Circulation section2015-05-21   2015-05-21 Central Library, BUETGeneral Book669.94/DIE/19612015-05-217Central Library, BUET   24464
669_940000000000000_DIE_1961 Circulation section2015-05-212018-08-08  2018-10-06 Central Library, BUETGeneral Book669.94/DIE/19612015-05-218Central Library, BUET 1 20407
669_940000000000000_DIE_1961 Circulation section2015-05-23   2017-03-11 Central Library, BUETGeneral Book669.94/DIE/19612015-05-239Central Library, BUET   31936
669_940000000000000_DIE_1961 Circulation section2015-05-232025-04-30  2025-04-302025-05-14Central Library, BUETGeneral Book669.94/DIE/19612015-05-2310Central Library, BUET 1 31935
669_940000000000000_DIE_1961 Reading section2015-06-17   2015-06-17 Central Library, BUETGeneral Book669.94/DIE/19612015-06-1711Central Library, BUET   24463
669_940000000000000_DIE_1961 Reading section2015-06-27   2015-06-27 Central Library, BUETReading Item669.94/DIE/19612015-06-2712Central Library, BUET   36043